Every NASCAR Cup Series Winner - Statistics

General Stats
  • This quiz has been taken 97 times
  • The average score is 81 of 206
Answer Stats
Number of Wins Winning Seasons Driver % Correct
76 1979-2000 Dale Earnhardt
100%
26 2000-2015 Dale Earnhardt Jr.
100%
200 1960-1984 Richard Petty
100%
44 1983-2003 Bill Elliott
98%
2 1960-1962 Bobby Johns
98%
19* 2018-2024 Chase Elliott
98%
83* 2002-2017 Jimmie Johnson
98%
60 2001-2022 Kevin Harvick
98%
34 2002-2022 Kurt Busch
98%
63* 2005-2023 Kyle Busch
98%
8 1986-1995 Kyle Petty
98%
54 1949-1961 Lee Petty
98%
2* 2021-2022 Bubba Wallace
95%
93 1994-2015 Jeff Gordon
95%
2 1959-1960 Joe Lee Johnson
95%
50 1955-1965 Junior Johnson
95%
55* 2006-2025 Denny Hamlin
93%
36* 2009-2024 Joey Logano
93%
2 1949 Red Byron
93%
55 1986-2004 Rusty Wallace
93%
14* 2020-2025 William Byron
93%
3 2001-2003 Robby Gordon
90%
36* 2009-2024 Brad Keselowski
88%
30* 2016-2025 Kyle Larson
88%
13* 2017-2024 Ryan Blaney
88%
49 1999-2016 Tony Stewart
88%
83 1965-1985 Cale Yarborough
85%
84 1975-1992 Darrell Waltrip
85%
34* 2007-2023 Martin Truex Jr.
85%
85 1966-1988 Bobby Allison
83%
4 2001-2003 Michael Waltrip
83%
18 2002-2017 Ryan Newman
83%
8* 2019-2024 Alex Bowman
80%
12* 2021-2025 Christopher Bell
80%
2* 2022-2024 Daniel Suarez
80%
19 1987-1983 Davey Allison
80%
105 1961-1980 David Pearson
80%
10 1968-1978 Donnie Allison
80%
8* 2022-2024 Tyler Reddick
80%
3* 2014-2023 AJ Allmendinger
78%
2* 2022-2024 Austin Cindric
78%
2* 2022-2024 Chase Briscoe
78%
6* 2016-2024 Chris Buescher
78%
39 2000-2017 Matt Kenseth
78%
4* 2017-2024 Ricky Stenhouse Jr.
78%
5* 2022-2024 Ross Chastain
78%
5* 2017-2024 Austin Dillon
76%
1 2024 Harrison Burton
76%
21 1997-2008 Jeff Burton
76%
5 1995-2002 Ward Burton
76%
21 1995-2003 Bobby Labonte
73%
3* 2018-2022 Erik Jones
73%
1* 2025 Josh Berry
73%
18 2005-2017 Kasey Kahne
73%
40 1989-2009 Mark Martin
73%
4 1957-1967 Parnelli Jones
73%
1* 2023 Shane van Gisbergen
73%
22 1980-2003 Terry Labonte
73%
10 2007-2018 Clint Bowyer
71%
21 1956-1962 Jack Smith
71%
4 1999-2004 Joe Nemechek
71%
2* 2021-2023 Michael McDowell
71%
1 2011 Regan Smith
71%
1* 2019 Justin Haley
68%
3 2014-2021 Aric Almirola
66%
28 2005-2016 Carl Edwards
66%
1* 2007 Casey Mears
66%
19 2003-2013 Greg Biffle
66%
1* 2020 Cole Custer
63%
1 2011 Trevor Bayne
63%
32 1991-2005 Dale Jarrett
61%
2 2007-2010 Juan Pablo Montoya
61%
2 2011-2012 Marcos Ambrose
61%
50 1959-1965 Ned Jarrett
61%
2 1997-1999 John Andretti
59%
1 1967 Mario Andretti
59%
23 1983-2002 Ricky Rudd
56%
2 2011-2013 David Ragan
54%
5 1988-1992 Alan Kulwicki
51%
10 1994-2002 Sterling Marlin
51%
1 2011 Paul Menard
49%
4 1949-1952 Bob Flock
46%
3 2006-2013 Brian Vickers
46%
1 1952 Donald Thomas
46%
19 1950-1956 Fonty Flock
46%
48 1950-1956 Herb Thomas
46%
7 2002-2013 Jamie McMurray
46%
39 1950-1956 Tim Flock
46%
7 1964-1972 A.J. Foyt
44%
33 1950-1964 Fireball Roberts
44%
21 1971-1984 Benny Parsons
41%
46 1952-1964 Buck Baker
41%
19 1967-1983 Buddy Baker
41%
1 1949 Jack White
41%
5 1998-2005 Jeremy Mayfield
41%
1 1988 Phil Parsons
41%
28 1958-1962 Rex White
41%
3 2001-2004 Elliott Sadler
39%
14 1964-1970 LeeRoy Yarbrough
39%
1 1990 Brett Bodine
37%
18 1984-1996 Geoff Bodine
37%
4 1988-1991 Ken Schrader
37%
2 2001-2003 Ricky Craven
37%
4 1996-2001 Bobby Hamilton
34%
4 1970-1971 Pete Hamilton
34%
13 1982-1987 Tim Richmond
32%
37 1964-1972 Bobby Isaac
29%
15 1990-1997 Ernie Irvan
29%
18 1982-1992 Harry Gant
29%
25 1958-1963 Joe Weatherly
29%
2 1990 Derrike Cope
27%
2 1994 Jimmy Spencer
27%
18 1977-1988 Neil Bonnett
27%
2 2000-2001 Steve Park
27%
1 1950 Bill Rexford
24%
1 2000 Jerry Nadeau
24%
2 2009-2010 David Reutimann
22%
4 1960-1963 Glen Wood
22%
1 1988 Lake Speed
22%
26 1961-1967 Fred Lorenzen
20%
1 2002 Johnny Benson
20%
20 1953-1960 Speedy Thompson
17%
1 1951 Tommy Thompson
17%
17 1949-1965 Curtis Turner
15%
1 1963 Wendell Scott
15%
5 1963-1968 Dan Gurney
12%
1 1985 Greg Sacks
12%
1 1963 Johnny Rutherford
12%
4 1981-1993 Morgan Shepherd
12%
5 1963-1971 Tiny Lund
12%
9 1957-1964 Cotton Owens
10%
25 1953-1967 Jim Paschal
10%
17 1956-1966 Marvin Panch
10%
4 1968-1971 Charlie Glotzbach
7%
5 1975-1982 Dave Marcis
7%
7 1958-1959 Jim Reed
7%
1 1950 Lloyd Moore
7%
1 1969 Richard Brickhouse
7%
1 1957 Art Watts
5%
2 1956 Billy Myers
5%
1 1986 Bobby Hillin Jr.
5%
4 1954 Hershel McGriff
5%
1 1960 Jim Cook
5%
1 1962 Johnny Allen
5%
1 1955 Norm Nelson
5%
1 1966 Paul Lewis
5%
1 1981 Ron Bouchard
5%
14 1965-1967 Dick Hutcherson
2%
1 1974 Earl Ross
2%
4 1958-1961 Eddie Gray
2%
2 1970-1972 James Hylton
2%
1 1949 Jim Roper
2%
1 1981 Jody Ridley
2%
2 1959-1960 Johnny Beauchamp
2%
1 1950 Johnny Mantz
2%
1 1978 Lennie Pond
2%
1 1950 Leon Sales
2%
4 1951-1961 Lloyd Dane
2%
1 1973 Mark Donohue
2%
7 1951-1952 Marshall Teague
2%
1 1951 Marvin Burke
2%
9 1956-1966 Paul Goldsmith
2%
5 1956-1957 Ralph Moody
2%
2 1971-1972 Ray Elder
2%
2 1954 Al Keller
0%
1 1957 Bill Amick
0%
3 1950-1953 Bill Blair
0%
1 1951 Bill Norton
0%
4 1964 Billy Wade
0%
1 1961 Bob Burdick
0%
9 1956-1959 Bob Welborn
0%
1 1956 Chuck Stevenson
0%
1 1957 Danny Graves
0%
2 1954-1955 Danny Letner
0%
1 1951 Danny Weinberg
0%
7 1963-1967 Darel Dieringer
0%
1 1973 Dick Brooks
0%
3 1950 Dick Linder
0%
1 1953 Dick Passwater
0%
13 1952-1954 Dick Rathman
0%
1 1966 Earl Balmer
0%
4 1956-1957 Eddie Pagan
0%
2 1966 Elmo Langley
0%
2 1961 Emanuel Zervakis
0%
1 1958 Frankie Schneider
0%
3 1951 Frank Mundy
0%
2 1952-1954 Gober Sosebee
0%
3 1957 Gwyn Staley
0%
1 1950 Harold Kite
0%
1 1966 Jim Hurtubise
0%
1 1950 Jimmy Florian
0%
2 1962-1963 Jimmy Pardue
0%
1 1958 Joe Eubanks
0%
1 1956 John Kieper
0%
1 1960 John Rostek
0%
1 1954 John Soares
0%
1 1962 Larry Frank
0%
1 1951 Lou Figaro
0%
1 1952 Louis Grier "Buddy" Shuman
0%
2 1957-1960 Marvin Porter
0%
1 1951 Neil Cole
0%
4 1961-1962 Nelson Stacy
0%
1 1956 Royce Hagerty
0%
1 1966 Sam McQuagg
0%
1 1958 Shorty Rollins
0%
2 1959 "Tiger" Tom Pistone
0%
No matching quizzes found
Score Distribution
Percent of People with Each Score
Percentile by Number Answered
Your Score History
You have not taken this quiz